000 00372nam a2200157Ia 4500
008 230711s9999||||xx |||||||||||||| ||und||
041 _aENG
082 _a540
_bSU-E
100 _aSud,Dhiraj
245 0 _aComprehensive engineering Chemistry
250 _a2nd Ed.
260 _c2004
_aNew Delhi
_bS.K Kataria & Sons
300 _a395
650 _aChemistry
942 _cBK
999 _c4511
_d4511